A Greek-English lexicon of the New Testament and other early Christian literature : (Record no. 39584)

MARC details
000 -LEADER
fixed length control field 00574 a2200157 4500
008 - FIXED-LENGTH DATA ELEMENTS--GENERAL INFORMATION
fixed length control field 111021t xxu||||| |||| 00| 0 eng d
020 ## - INTERNATIONAL STANDARD BOOK NUMBER
International Standard Book Number 226027147
050 ## - LIBRARY OF CONGRESS CALL NUMBER
Classification number REF PA881
Item number .B38 1957
100 ## - MAIN ENTRY--PERSONAL NAME
Personal name Arndt, William F.
245 ## - TITLE STATEMENT
Title A Greek-English lexicon of the New Testament and other early Christian literature :
Statement of responsibility, etc Walter Bauer; William Arndt; F Wilbur Gingrich
260 ## - PUBLICATION, DISTRIBUTION, ETC. (IMPRINT)
Place of publication, distribution, etc Chicago
Name of publisher, distributor, etc University of Chicago Press
Date of publication, distribution, etc 1957
300 ## - PHYSICAL DESCRIPTION
Extent 909 p. ;
Dimensions 26 cm.
650 ## - SUBJECT ADDED ENTRY--TOPICAL TERM
Topical term or geographic name as entry element Greek language, Biblical
Form subdivision Dictionaries
General subdivision English
700 ## - ADDED ENTRY--PERSONAL NAME
Personal name Gingrich, F. Wilbur
942 ## - ADDED ENTRY ELEMENTS (KOHA)
Source of classification or shelving scheme Library of Congress Classification
Item type Book
Holdings
Withdrawn status Lost status Source of classification or shelving scheme Damaged status Not for loan Collection code Home library Current library Shelving location Date acquired Source of acquisition Full call number Barcode Copy number Price effective from Koha item type
    Library of Congress Classification   Not For Loan Reference Bishop Okullu Memorial Library (Limuru Campus) Bishop Okullu Memorial Library (Limuru Campus) Reference 21/10/2011 purchase REF PA881 .B38 1957 028966 1 21/10/2011 Book
    Library of Congress Classification   Not For Loan Reference Bishop Okullu Memorial Library (Limuru Campus) Bishop Okullu Memorial Library (Limuru Campus) Reference 24/10/2011 purchase REF PA881 .B38 1957 029104 2 24/10/2011 Book